| 000 | 00898cab a2200289 4500 | ||
|---|---|---|---|
| 001 | ABS55592 | ||
| 008 | 090401t1996 xxu||||| |||| 00| 0 eng d | ||
| 035 | _a(Sirsi) u17463 | ||
| 041 | _aeng | ||
| 245 | _aPPG6 - what it means | ||
| 260 | _c1996 | ||
| 350 | _a0 | ||
| 490 |
_aProperty Week _v56(4) 26 July 1996, 22-27(5) |
||
| 520 | _aRelates the issues and concerns of developers, agents, planners and retailers to the revised PPG6. Considers its likely effects on the leisure market and factory retailing. | ||
| 650 | _aCAR PARKING | ||
| 650 | _aFACTORY SHOPS | ||
| 650 | _aLEISURE MARKET | ||
| 650 | _aOUT-OF-TOWN DEVELOPMENT | ||
| 650 | _aPLANNING POLICY | ||
| 650 | _aPLANNING POLICY GUIDANCE NOTE SIX | ||
| 650 | _aRETAILING | ||
| 650 | _aSUSTAINABLE DEVELOPMENT | ||
| 650 | _aTOWN CENTRES | ||
| 690 | _aPLANNING LAW AND PRACTICE | ||
| 942 | _n0 | ||
| 948 | _c04/03/1997 | ||
| 999 |
_c11586 _d11586 |
||